000 00639nam a22001817a 4500
003 UA-OsUOA
001 14472
007 ta
008 20030924b un ||||| |||| 00| 0 ukr d
100 _aЦимбалюк Є.
942 _cSA
040 _aUA-OsUOA
_cUA-OsUOA
_dUA-OsUOA
245 _aДля юних радивильчан Кубок світу не важкий :[Про радивилів. молодіж. спорт. клуб "Іппон-Імпульс"]
300 _aС.3
955 _a0
773 0 _w0
_tВільне слово
_dРівне
_d2003
_g№68/69/29 серп./
650 7 _aКраєзнавча робота
_2UDC
999 _c300633
_d300633